biggest freshwater fish - Statistics

General Stats
  • This quiz has been taken 16 times
  • The average score is 4 of 11
Answer Stats
Answer % Correct
White stergeon
71%
Beluga Stergeon
57%
Alligator Gar
50%
Arapaima
50%
Wels Catfish
50%
Mekong giant catfish
29%
Paddle fish
29%
Giant Freshwater Stingray
21%
Nile perch
21%
Siamese carp
21%
Taiman
14%
No matching quizzes found
Score Distribution
Percent of People with Each Score
Percentile by Number Answered
Your Score History
You have not taken this quiz